Ibai submarinista (Registro nro. 242110)

Detalles MARC
000 -ENCABEZADO
Número de control [NR] 00855nam a2200241 4500
005 - FECHA Y HORA DE LA ÚLTIMA TRANSACCIÓN
control field 20180312142013.0
008 - DE LONGITUD FIJA DE DATOS DE ELEMENTOS - INFORMACIÓN GENERAL
Elementos de longitud fija [NR] 140425s1984 sp a gr 000 j spa
020 ## - NUMERO INTERNACIONAL NORMALIZADO PARA LIBROS [R]
Número Internacional Normalizado del libro [NR] 8471764962
040 ## - FUENTE DE CATALOGACION [NR]
Agencia de catalogación original [NR] CO-BoUCM
Idioma de catalogación [NR] spa
Quien Cataloga Jose A. Gerena
Quien Clasifica Jose A. Gerena
041 ## - CODIGO DE IDIOMA [R]
Código de idioma para texto/pista de sonido o título separado [R] Español
100 1# - ASIENTO PRINCIPAL--NOMBRE PERSONAL [NR]
Nombre personal [NR] Ballaz, Jesús
Fechas asociadas con el nombre [NR] 1946-
ID Autoridad 60232
245 10 - MENCION DE TITULO [NR]
Título [NR] Ibai submarinista
Mención de responsabilidad, etc. [NR] Jesús Ballaz ; ilustraciones, Miguel Sitjar
260 ## - PUBLICACION, DISTRIBUCION, ETC. (PIE DE IMPRENTA) [R]
Lugar de publicación, distribución, etc. [R] Barcelona (España)
Nombre del editor, distribuidor, etc. [R] Timun Mas
Fecha de publicación, distribución, etc. [R] 1984
300 ## - DESCRIPCION FISICA [R]
Extensión [R] [28] páginas
Otros detalles físicos [NR] ilustraciones a color
490 0# - MENCION DE SERIE [R]
Mención de serie [R] Ibai
650 #7 - ASIENTO SECUNDARIO DE MATERIA - TERMINO TEMATICO [R]
9 (RLIN) 18516
Término temático o nombre geográfico como elemento de entrada [NR] Libros ilustrados para niños
650 #7 - ASIENTO SECUNDARIO DE MATERIA - TERMINO TEMATICO [R]
9 (RLIN) 18524
Término temático o nombre geográfico como elemento de entrada [NR] Libros y lectura para niños
650 #7 - ASIENTO SECUNDARIO DE MATERIA - TERMINO TEMATICO [R]
9 (RLIN) 18684
Término temático o nombre geográfico como elemento de entrada [NR] Literatura infantil española
690 ## - ASUNTO AGREGADO LOCAL DE ENTRADA - TÉRMINO TEMÁTICO (OCLC, RLIN)
9 (RLIN) 42863
Acceso temático local Literatura europea
700 1# - ASIENTO SECUNDARIO - NOMBRE PERSONAL [R]
Nombre personal [NR] Sitjar, Miquel
Término de relación [R] ilustrador
9 (RLIN) 60233
942 ## - ELEMENTOS DE ENTRADA AGREGADOS (KOHA)
Tema principal Literatura
Tipo de ítem principal el descrito en 300a Libro
Edición 1
Parte restante de la signatura top. B189su
Sistema de clasificación DEWEY
Clasificación 863.64
Título oculto en OPAC No
Existencias
Total préstamos Signatura topográfica Código de barras Última vez visto Ejemplar Costo de reposición Price effective from Tipo de ítem Nota pública (OPAC) Perdido Sistema de clasificación Dañado No prestable Tipo de ítem específico Suprimido Ubicación habitual Ubicación actual Localización Fecha de creación Proveedor Forma de adquisición Costo
  863.64 B189su 200027653 13/04/2026 Ej.1 26000.00 02/08/2013 Libro Spot Literatura Infantil   DEWEY     Libro   Quinta de Mutis Quinta de Mutis Mezanecs 02/08/2013 12 Donación 0.00